000 00275nam a2200097Ia 4500
082 _a070.92 POLE
245 0 _aMy father, my monster
100 _a Polela, McIntosh Auckland Park, South Africa, 2011
_943224
942 _cBK
008 210817s9999 xx 000 0 und d
999 _c146047
_d146046